Countries by single picture #01 - Statistics

General Stats
  • This quiz has been taken 107 times
    89 since last reset
  • The average score is 13 of 16
Answer Stats
Picture Answer % Correct
United Kingdom
100%
Australia
99%
China
99%
Egypt
99%
India
99%
Italy
99%
United States
99%
Peru
91%
New Zealand
84%
Turkey
84%
Malaysia
74%
Brazil
69%
Saudi Arabia
66%
Ghana
65%
Mauritius
49%
Estonia
39%
No matching quizzes found
Score Distribution
Percent of People with Each Score
Percentile by Number Answered
Your Score History
You have not taken this quiz since the last reset